UBT Library

Medical dosage calculations:June Looby Olsen; Anthony Patrick Giangrasso; (Record no. 1840)

000 -LEADER
fixed length control field 00316nam a22001217a 4500
008 - FIXED-LENGTH DATA ELEMENTS--GENERAL INFORMATION
fixed length control field 160506b xxu||||| |||| 00| 0 eng d
020 ## - INTERNATIONAL STANDARD BOOK NUMBER
International Standard Book Number 9780805391626
020 ## - INTERNATIONAL STANDARD BOOK NUMBER
International Standard Book Number 0805391622
041 ## - LANGUAGE CODE
Language code of text/sound track or separate title eng
080 ## - UNIVERSAL DECIMAL CLASSIFICATION NUMBER
Universal Decimal Classification number 61
245 ## - TITLE STATEMENT
Title Medical dosage calculations:June Looby Olsen; Anthony Patrick Giangrasso;
942 ## - ADDED ENTRY ELEMENTS (KOHA)
Source of classification or shelving scheme
Item type Books
Holdings
Withdrawn status Lost status Source of classification or shelving scheme Damaged status Not for loan Collection code Permanent location Current location Shelving location Date acquired Total Checkouts Full call number Barcode Date last seen Price effective from Koha item type
          Koleksioni i përgjithshem UBT - Lipjan UBT - Lipjan Koleksioni i përgjithshem 05/06/2016   61 OLS 002-028309 05/06/2016 05/06/2016 Books
          Koleksioni i përgjithshem UBT - Lipjan UBT - Lipjan Koleksioni i përgjithshem 01/05/2017   618.2 OLS 002-036140 01/05/2017 01/05/2017 Books
UBT Library © 2015-2024. All rights reserved University Education for Business and Technology